|
|
|
|
| LEADER |
01234nam a2200349 a 4500 |
| 001 |
001416527 |
| 003 |
CZ BrMZK |
| 005 |
20200318173647.0 |
| 007 |
ta |
| 008 |
140902s2005 xxua e 001 0 eng |
| 020 |
|
|
|a 0-06-082425-5
|q (brož.)
|
| 040 |
|
|
|a BOA001
|b cze
|
| 072 |
|
7 |
|a 741.52
|x Komiksy. Komiksové adaptace
|2 Konspekt
|9 21
|
| 080 |
|
|
|a 741.52
|2 MRF
|
| 080 |
|
|
|a 82.09
|2 MRF
|
| 080 |
|
|
|a (048.8)
|2 MRF
|
| 080 |
|
|
|a (084.11)
|2 MRF
|
| 100 |
1 |
|
|a Gravett, Paul
|7 xx0074870
|4 aut
|
| 245 |
1 |
0 |
|a Graphic novels :
|b everything you need to know /
|c Paul Gravett
|
| 246 |
1 |
|
|i Název v tiráži:
|a Graphic novels: everything you need to know
|
| 250 |
|
|
|a 1st pub.
|
| 260 |
|
|
|a New York :
|b Collins Design,
|c 2005
|
| 300 |
|
|
|a 192 s. :
|b il. (převážně barev.) ;
|c 28 cm
|
| 504 |
|
|
|a Obsahuje bibliografické odkazy a rejstřík
|
| 650 |
0 |
7 |
|a komiks
|7 ph114952
|2 czenas
|
| 650 |
0 |
7 |
|a literárněvědné rozbory
|7 ph138745
|2 czenas
|
| 655 |
|
7 |
|a přehledy
|7 fd133202
|2 czenas
|
| 655 |
|
7 |
|a obrazové publikace
|7 fd132947
|2 czenas
|
| 910 |
|
|
|a BOA001
|b 3-1326.550
|
| 990 |
|
|
|a BK
|
| 991 |
|
|
|b 201409
|c NOV
|e n
|x 99
|
| 996 |
7 |
|
|b 2610602561
|c 3-1326.550
|l Anglická knihovna/2.patro
|r ZHR
|n 15
|p kup
|h FG-gra
|w 001452213
|u 000010
|a 0
|e BOA001
|j MZK50
|s A
|